期刊信息 |
| 索取号 |
Z6/BXSH
|
| 题名 |
八小时以外
|
| 作者 |
《八小时以外》杂志编辑部
|
| 分册号 |
|
| 分册名 |
|
| 出版地 |
天津
|
| 出版者 |
天津人民出版社
|
| 标准刊号 |
1000-0461
|
| 出版频率 |
月刊
|
| 中图法分类 |
Z6
|
| 主题词 |
期刊; 连续出版物; 报刊; 报纸; 快报
|
| 电子资源 | |
| |
|
| 000 | 00657nas0 2200241 45 | |
| 001 | 0734230047 | |
| 005 | 2007090409303004 | |
| 011 | @a1000-0461 | |
| 091 | @aCN12-1016 | |
| 100 | @a20070904d km y0chiy0120 ea | |
| 101 | 0 | @achi |
| 200 | 1 | @a八小时以外@ABa Xiao Shi Yi Wai@f《八小时以外》杂志编辑部@F《Ba Xiao Shi Yi Wai》Za Zhi Bian Ji Bu |
| 210 | @a天津@c天津人民出版社 | |
| 326 | @a月刊 | |
| 606 | 0 | @a期刊 |
| 606 | 0 | @a连续出版物 |
| 606 | 0 | @a报刊 |
| 606 | 0 | @a报纸 |
| 606 | 0 | @a快报 |
| 690 | @aZ6@v4 | |
| 711 | 02 | @a《八小时以外》杂志编辑部@A《Ba Xiao Shi Yi Wai》Za Zhi Bian Ji Bu |
| 801 | 0 | @aCN@bPFT@c20070904 |
| 905 | @a213230@dZ6@eBXSH | |
| 八小时以外/《八小时以外》杂志编辑部.-天津:天津人民出版社 |
| ISSN 1000-0461 |
| ● |
| 相关链接: |
|
|
|
|